000 00565nam a2200217Ia 4500
005 20241216010207.0
008 180423s9999||||xx |||||||||||||| ||und||
082 _a869.51
_bP23
100 _aPANIAGUA D., JORGE ALBERTO
245 0 _aTEATRO SOCIAL PERUANO
_bFLORANDINA LUNTHATANI
250 _a0
260 _aLIMA-PERU
_bCONCYTEC
_c199
300 _a125 pag.
_c21 cm
341 _h0
490 _v0
_a0
505 _aCOMEDIAS-PERUANA/LITERATURA PERUANA
541 _aD
_bCONCYTEC
_d19-Dec-93
650 _aLITERATURA
856 _zHumanidades
942 _cLIBRO
999 _c7964
_d7964